00398nam a2200145Ia 450000500170000000800460001703700120006304000210007504100130009608400210010910000190013024500430014926000470019230000130023920250508154456.0008 250505s9999 xx 000 0 eng d aTextual aFEDL bengcFEDL aeng2eng a300.1, TAGqFEDL aSinha Sasadhar 0aSocial thinking of Rabindranath Tagore aBombay, IndiabAsia Publishing Housec1962 axiv,198p